000 00717nam a2200193 i 4500
001 63835
003 ES-MaACL
005 20230906164959.0
007 t|
008 031217s1958 sp ||||1| fre d
100 1 _aRomanones, Álvaro de Figueroa y Torres,
_cConde de,
_d1863-1950
_999264
245 1 0 _aMaximes et pensées politiques /
_cComte de Romanones ; traduit par Maurici Torra-Balari y de Llavallol ; préface d'André Siegfried.
260 _aBarcelona :
_b[S.A.D.A.G.] :
_bGustavo Gili,
_c1958.
300 _a117 p. ;
_c19 cm.
700 1 _aSiegfried, André.
_9106225
700 1 _aTorra-Balari y de Llavallol, Mauricio.
_9110704
852 _aES-MaACL
_jC-19242
_bR.42546
999 _c63835
_d63835